000 00605nam a22002177a 4500
003 OSt
005 20140310182941.0
008 130204t xxu||||| |||| 00| 0 eng d
020 _a9789710388868
050 _aLB2369
_b.G216 2010
082 _aFIL 808.02
_bG216 2010
245 _aDeveloping competencies in research and thesis writing
_cGarcia, Carlito D.
260 _aMandaluyong City
_bBooks Atbp. Publishing
_cc2010
300 _a285, p.
_c22 cm.
521 _acollege students
526 _c1210L-1700L
541 _j1
541 _j2
562 _e2
942 _2lcc
_cBK
_kFIL
999 _c17727
_d17727